[Event "Sparkassen-Open A"]
[Site "Heusenstamm, Martinsee"]
[Date "2024.11.23"]
[Round "5.79"]
[White "Rutsatz, Mario"]
[Black "Füssel, Jan Michael"]
[Result "1/2-1/2"]
[WhiteElo "1932"]
[BlackElo "1833"]
[PlyCount "93"]
[EventDate "2024.11.21"]
[WhiteTeam "SC 1961 König Nied"]
[BlackTeam "VSG 1880 Offenbach"]

1. Nf3 g6 2. d4 Bg7 3. c4 d6 4. Nc3 Nd7 5. Bg5 Ngf6 6. h3 c5 7. e3 Qa5 8. Bd3 e5 9. dxe5 dxe5 10. O-O O-O 11. Qc2 Re8 12. Rfd1 a6 13. a3 Qb6 14. Rab1 Qc6 15. e4 Nf8 16. Nd5 h6 17. Be3 Rb8 18. b4 cxb4 19. Rxb4 Nxd5 20. cxd5 Qxc2 21. Bxc2 b5 22. a4 Bd7 23. Rdb1 a5 24. Rxb5 Bxb5 25. axb5 Rec8 26. Bd3 Rc3 27. Bf1 f5 28. b6 Nd7 29. exf5 gxf5 30. Rb5 f4 31. Bd2 Rc5 32. Rxc5 Nxc5 33. Bxa5 Nb3 34. Bc3 Rxb6 35. Bxe5 Bxe5 36. Nxe5 Nd2 37. Bd3 Rd6 38. Bf5 Kg7 39. Be6 Ra6 40. f3 Ra1+ 41. Kf2 Ra2 42. Ke1 Kf6 43. Nd3 Nc4 44. Nxf4 Ke5 45. Ne2 Ne3 46. g4 Ng2+ 47. Kf1 1/2-1/2

[Event "Sparkassen-Open A"]
[Site "Heusenstamm, Martinsee"]
[Date "2024.11.23"]
[Round "5.80"]
[White "Kulenovic, Adnan"]
[Black "Sasikumar Anitha, Sarvesh"]
[Result "0-1"]
[WhiteElo "1918"]
[BlackElo "1827"]
[PlyCount "118"]
[EventDate "2024.11.21"]
[WhiteTeam "Spielgemeinschaft Kinzigtal"]
[BlackTeam "SK 1858 Gießen"]

1. c4 Nf6 2. Nc3 g6 3. g3 Bg7 4. Bg2 O-O 5. f4 d6 6. d3 c6 7. e4 e5 8. Nh3 Nbd7 9. O-O a5 10. f5 Nc5 11. g4 Nfd7 12. Be3 Rb8 13. Rf3 b5 14. cxb5 cxb5 15. Nd5 Bb7 16. Qf1 Bxd5 17. exd5 e4 18. dxe4 Nxe4 19. Rf4 Nec5 20. Rf2 Ne5 21. Bxc5 dxc5 22. Rf4 Bh6 23. g5 Bxg5 24. Nxg5 Qxg5 25. Rd1 Nc4 26. Qf2 Rbe8 27. h4 Qd8 28. Qxc5 Nxb2 29. Rd2 Nc4 30. Rd3 Re1+ 31. Kh2 Qd6 32. Qxd6 Nxd6 33. f6 Rc8 34. Rb3 Rc2 35. a4 Ree2 36. Rg4 b4 37. Kg1 Rc3 38. Rg3 Rec2 39. Re3 Rxb3 40. Rxb3 Rc3 41. Rb1 Kf8 42. Kf2 b3 43. Bf3 Nf5 44. Bd1 Nd4 45. Ke1 Ke8 46. Kd2 Rg3 47. Rc1 Kd7 48. Ke1 Nc2+ 49. Kf2 Rc3 50. h5 Kd6 51. hxg6 hxg6 52. Bf3 b2 53. Rb1 Rb3 54. Bd1 Na3 55. Bxb3 Nxb1 56. Ke3 Nc3 57. Ba2 b1=Q 58. Bxb1 Nxb1 59. Kd3 Kxd5 0-1

[Event "Sparkassen-Open A"]
[Site "Heusenstamm, Martinsee"]
[Date "2024.11.23"]
[Round "5.81"]
[White "Donecker, Stefan"]
[Black "Voss, Georg"]
[Result "0-1"]
[WhiteElo "1803"]
[BlackElo "1913"]
[PlyCount "76"]
[EventDate "2024.11.21"]
[WhiteTeam "SAbt TuS Dotzheim"]
[BlackTeam "SV Meschede e. V."]

1. Nc3 d5 2. e4 dxe4 3. Nxe4 Qd5 4. Nc3 Qd8 5. Bc4 Nf6 6. h3 a6 7. a4 c5 8. d3 e6 9. Nge2 Nc6 10. Bf4 Be7 11. Bh2 O-O 12. O-O b6 13. Nf4 Ra7 14. Re1 Re8 15. Qd2 Bf8 16. Rad1 Nb4 17. Ne4 Bd7 18. Nxf6+ Qxf6 19. c3 Nc6 20. Ba2 b5 21. axb5 axb5 22. Bb1 g6 23. Ne2 e5 24. f4 b4 25. fxe5 Nxe5 26. Rf1 Qg7 27. cxb4 cxb4 28. b3 Nc6 29. Kh1 Na5 30. Bg1 Nxb3 31. Qf4 Ra3 32. Nd4 Be6 33. Nxe6 Rxe6 34. d4 Bd6 35. Qf2 f5 36. Ba2 Qa7 37. Qc2 Rxa2 38. Qxb3 Rae2 0-1

[Event "Sparkassen-Open A"]
[Site "Heusenstamm, Martinsee"]
[Date "2024.11.23"]
[Round "5.82"]
[White "Kretner, Georg-Ulrich"]
[Black "Berstler, Tobias"]
[Result "1-0"]
[WhiteElo "1904"]
[BlackElo "1790"]
[PlyCount "65"]
[EventDate "2024.11.21"]
[WhiteTeam "SC Bad Nauheim"]
[BlackTeam "SK Bingen"]

1. d4 Nf6 2. Nf3 e6 3. c4 b6 4. g3 Bb7 5. Bg2 Be7 6. O-O O-O 7. d5 d6 8. Nc3 e5 9. Nh4 Bc8 10. e4 a5 11. b3 Na6 12. h3 g6 13. Nf3 Nc5 14. Re1 Bd7 15. a3 Ne8 16. Bh6 Ng7 17. b4 Nb7 18. Qd2 f5 19. Ng5 Bxg5 20. Bxg5 Qc8 21. Kh2 Rf7 22. f4 exf4 23. gxf4 fxe4 24. Nxe4 Ne8 25. Qd4 Bf5 26. h4 Bxe4 27. Rxe4 axb4 28. Bh3 Rf5 29. axb4 Rxa1 30. Qxa1 Ng7 31. Re7 Nh5 32. Qe1 Ng7 33. Bh6 1-0

[Event "Sparkassen-Open A"]
[Site "Heusenstamm, Martinsee"]
[Date "2024.11.23"]
[Round "5.83"]
[White "Himmelspacht, Maxim"]
[Black "Gieringer, Clemens"]
[Result "1/2-1/2"]
[WhiteElo "1802"]
[BlackElo "1901"]
[PlyCount "54"]
[EventDate "2024.11.21"]
[WhiteTeam "SK 1858 Gießen"]
[BlackTeam "Sfr.Mainz 1928"]

1. e4 c5 2. c3 e6 3. d4 d5 4. exd5 exd5 5. Nf3 Nc6 6. Be2 Nf6 7. O-O cxd4 8. Nxd4 Bd6 9. Bg5 O-O 10. Re1 Re8 11. Bf3 Rxe1+ 12. Qxe1 Nxd4 13. cxd4 Be6 14. Nc3 Be7 15. Qd2 h6 16. Bf4 Rc8 17. Rc1 Qd7 18. a3 Bg4 19. Bxg4 Nxg4 20. h3 Nf6 21. Ne2 Ne4 22. Rxc8+ Qxc8 23. Qc1 Qxc1+ 24. Bxc1 Bd6 25. Bf4 Be7 26. f3 Nf6 27. Nc3 Kf8 1/2-1/2

[Event "Sparkassen-Open A"]
[Site "Heusenstamm, Martinsee"]
[Date "2024.11.23"]
[Round "5.84"]
[White "Kulkovets, Roman"]
[Black "Rabiya, Karim"]
[Result "1-0"]
[WhiteElo "1853"]
[BlackElo "1778"]
[PlyCount "73"]
[EventDate "2024.11.21"]
[WhiteTeam "SAbt TuS Makkabi Ffm"]
[BlackTeam "SK Niederbrechen 1948"]

1. e4 Nf6 2. Nc3 e5 3. Bc4 Nxe4 4. Bxf7+ Kxf7 5. Nxe4 d5 6. Nc3 c6 7. Qh5+ g6 8. Qxe5 Bd6 9. Qd4 Bf5 10. d3 Nd7 11. Nge2 b5 12. O-O Re8 13. Be3 a5 14. g3 g5 15. Nxb5 Bc5 16. Qa4 cxb5 17. Qxb5 Bg4 18. Nd4 Rc8 19. Qb7 Re5 20. Nc6 Qc7 21. Qxc7 Rxc7 22. Nxe5+ Nxe5 23. Bxc5 Rxc5 24. f4 Nf3+ 25. Kg2 Rxc2+ 26. Rf2 Rxf2+ 27. Kxf2 gxf4 28. h3 fxg3+ 29. Kxg3 Bh5 30. Rf1 Ke6 31. Rxf3 Bxf3 32. Kxf3 Ke5 33. Ke3 d4+ 34. Kf3 a4 35. Kg4 Kd5 36. Kf5 h5 37. h4 1-0

[Event "Sparkassen-Open A"]
[Site "Heusenstamm, Martinsee"]
[Date "2024.11.23"]
[Round "5.85"]
[White "Wagner, Cosima Thien-An"]
[Black "Schulze, Manfred"]
[Result "0-1"]
[WhiteElo "1764"]
[BlackElo "1889"]
[PlyCount "94"]
[EventDate "2024.11.21"]
[WhiteTeam "TV Tegernsee"]
[BlackTeam "SC Steinbach"]

1. c4 f5 2. d4 g6 3. Nf3 Nf6 4. Nc3 Bg7 5. g3 d6 6. Bg2 O-O 7. O-O c6 8. d5 e5 9. dxe6 Bxe6 10. Qb3 Qb6 11. Bf4 d5 12. Ng5 Qxb3 13. axb3 Bd7 14. cxd5 cxd5 15. Nxd5 Nc6 16. Nc7 Rac8 17. Nce6 Rfe8 18. Nxg7 Kxg7 19. Be3 h6 20. Nf3 Ng4 21. Bd4+ Nf6 22. e3 a6 23. Bc3 Kf7 24. Nd2 Ne4 25. Nc4 Ke7 26. Rfd1 Be6 27. Bxe4 fxe4 28. Nd6 Bxb3 29. Nxc8+ Rxc8 30. Rd2 Bc4 31. Ra4 Bd3 32. f3 b5 33. Ra1 b4 34. Bg7 Kf7 35. Bxh6 Ne5 36. Rf2 Nxf3+ 37. Kg2 Rh8 38. Rd1 Rxh6 39. Rxd3 Rxh2+ 40. Kf1 Rh1+ 41. Kg2 Rh2+ 42. Kf1 Rxf2+ 43. Kxf2 exd3 44. Kxf3 a5 45. e4 a4 46. Ke3 a3 47. Kxd3 a2 0-1

[Event "Sparkassen-Open A"]
[Site "Heusenstamm, Martinsee"]
[Date "2024.11.23"]
[Round "5.86"]
[White "Sensoy, Emir"]
[Black "Dorfner, Jeremias"]
[Result "0-1"]
[WhiteElo "1778"]
[BlackElo "1882"]
[PlyCount "136"]
[EventDate "2024.11.21"]
[WhiteTeam "MSA Zugzwang 82 e.V."]
[BlackTeam "TV-Großostheim 1900 e.V."]

1. e4 c6 2. c4 d5 3. exd5 cxd5 4. cxd5 Nf6 5. Nc3 Nxd5 6. Nf3 Nc6 7. d4 g6 8. Bb5 Nxc3 9. bxc3 Bd7 10. O-O Bg7 11. Bf4 O-O 12. Re1 Rc8 13. Qd2 Re8 14. Rab1 Na5 15. Bd3 Bc6 16. Ne5 Bd5 17. Bb5 Rf8 18. Bh6 a6 19. Bd7 Rc7 20. Bxg7 Kxg7 21. Bg4 e6 22. Be2 h6 23. Rbc1 Nc4 24. Bxc4 Bxc4 25. Re3 b5 26. Rh3 Rh8 27. Qf4 Qe7 28. Ng4 Qg5 29. Qxg5 hxg5 30. Rxh8 Kxh8 31. Rc2 Kg7 32. Ne5 f6 33. Nxc4 Rxc4 34. a3 Ra4 35. Ra2 a5 36. Kf1 b4 37. cxb4 axb4 38. Ke2 bxa3 39. Kd3 Kf7 40. Kc3 Ke7 41. Kb3 Rxd4 42. Kxa3 Rc4 43. Kb3 Rc7 44. Rd2 g4 45. Rd3 f5 46. h3 gxh3 47. Rxh3 Kf6 48. Re3 e5 49. f3 Kg5 50. Rxe5 Kf4 51. Re6 Rg7 52. Kc3 Kg3 53. Kd4 Kxg2 54. f4 Kf3 55. Ke5 Ra7 56. Rxg6 Ra5+ 57. Ke6 Kxf4 58. Rg1 Ra6+ 59. Kd5 Ke3 60. Re1+ Kf2 61. Re5 f4 62. Ke4 Ra4+ 63. Kd3 f3 64. Rg5 Ra8 65. Rd5 Re8 66. Ra5 Kg2 67. Rg5+ Kf1 68. Re5 f2 0-1

[Event "Sparkassen-Open A"]
[Site "Heusenstamm, Martinsee"]
[Date "2024.11.23"]
[Round "5.87"]
[White "Shanawaz Thabrez, Shahzaib"]
[Black "Eitel, Luc"]
[Result "1-0"]
[WhiteElo "1882"]
[BlackElo "1742"]
[PlyCount "95"]
[EventDate "2024.11.21"]
[WhiteTeam "SK Langen"]
[BlackTeam "SAbt SV Werder Bremen"]

1. e4 c5 2. Nc3 d6 3. f4 g6 4. Nf3 Bg7 5. Bc4 Nf6 6. O-O O-O 7. Qe1 e6 8. e5 dxe5 9. fxe5 Nd5 10. d3 Nb4 11. Bb3 Nd7 12. Qg3 Nc6 13. Bf4 Ndxe5 14. Nxe5 Qd4+ 15. Kh1 Bxe5 16. Bxe5 Qxe5 17. Qh4 Qg7 18. Ne4 b6 19. Rf3 Nd4 20. Rh3 f5 21. Ng5 h5 22. Re1 Nxb3 23. axb3 e5 24. Rhe3 Re8 25. Qc4+ Kh8 26. Rxe5 Rxe5 27. Rxe5 Bd7 28. h4 Re8 29. Rxe8+ Bxe8 30. c3 Qe7 31. Qf4 Bc6 32. Kh2 Kg7 33. d4 Be4 34. Kg3 Kf6 35. Nxe4+ Qxe4 36. Qxe4 fxe4 37. Kf4 cxd4 38. cxd4 a5 39. Kxe4 Ke6 40. d5+ Kd6 41. Kd4 b5 42. g3 a4 43. bxa4 bxa4 44. Kc4 Kc7 45. Kc5 Kd7 46. Kb4 Kd6 47. Kxa4 Kxd5 48. b4 1-0

[Event "Sparkassen-Open A"]
[Site "Heusenstamm, Martinsee"]
[Date "2024.11.23"]
[Round "5.88"]
[White "Kolar, Edvard"]
[Black "Röß, Jonas"]
[Result "1/2-1/2"]
[WhiteElo "1771"]
[BlackElo "1878"]
[PlyCount "67"]
[EventDate "2024.11.21"]
[WhiteTeam "KS Rícany 1925"]
[BlackTeam "SV Würzburg von 1865 e.V."]

1. d4 d5 2. e3 Nf6 3. Bd3 c5 4. b3 Nc6 5. Nf3 Bg4 6. Bb2 cxd4 7. exd4 e6 8. O-O Bd6 9. Nbd2 O-O 10. c4 Rc8 11. Rc1 Bf4 12. Be2 Ne4 13. Ra1 Nxd2 14. Nxd2 Bxe2 15. Qxe2 dxc4 16. Nxc4 Bg5 17. Rad1 Ne7 18. Ba3 Rc7 19. Bc5 Qa8 20. Qe5 Rxc5 21. dxc5 Bf6 22. Qe4 Nd5 23. Qf3 Qc8 24. Rc1 Qxc5 25. Ne3 Qa5 26. Nxd5 exd5 27. Rfd1 d4 28. Qxb7 Qxa2 29. Ra1 Qc2 30. Rdc1 Qb2 31. Rab1 Qa2 32. Ra1 Qb2 33. Rcb1 Qc2 34. Rc1 1/2-1/2

[Event "Sparkassen-Open A"]
[Site "Heusenstamm, Martinsee"]
[Date "2024.11.23"]
[Round "5.89"]
[White "Klebs, Sebastian"]
[Black "Kuchta, Maksim"]
[Result "0-1"]
[WhiteElo "1871"]
[BlackElo "1711"]
[PlyCount "38"]
[EventDate "2024.11.21"]
[WhiteTeam "Karlsruher SF 1853"]
[BlackTeam "SC Heusenstamm"]

1. e4 d5 2. exd5 Qxd5 3. Nc3 Qd6 4. Nf3 Nf6 5. Bc4 Bf5 6. O-O g6 7. d3 Bg7 8. Nb5 Qd8 9. Bf4 Na6 10. Qe2 O-O 11. Rfe1 Re8 12. Ne5 Nd5 13. Qf3 c6 14. Nc3 Nac7 15. Re2 h5 16. Qg3 Ne6 17. Bd2 Nd4 18. Bb3 Nxe2+ 19. Nxe2 h4 0-1

[Event "Sparkassen-Open A"]
[Site "Heusenstamm, Martinsee"]
[Date "2024.11.23"]
[Round "5.90"]
[White "Diehl, Stefan"]
[Black "Hildebrand, Azat"]
[Result "0-1"]
[WhiteElo "1865"]
[BlackElo "1591"]
[PlyCount "90"]
[EventDate "2024.11.21"]
[WhiteTeam "SC Eschborn 1974"]
[BlackTeam "TSG Oberschöneweide e.V."]

1. f4 d5 2. Nf3 Nc6 3. e3 Bg4 4. h3 Bxf3 5. Qxf3 Nf6 6. Bb5 e6 7. b3 Bc5 8. Bb2 O-O 9. Bxc6 bxc6 10. Nc3 Qe7 11. a4 Rfd8 12. Ne2 Bb6 13. O-O a5 14. Qg3 c5 15. f5 d4 16. fxe6 Qxe6 17. Nf4 Qe7 18. exd4 cxd4 19. d3 Qd6 20. Qf3 Re8 21. Rae1 Rad8 22. Nh5 Rxe1 23. Nxf6+ Qxf6 24. Qxf6 gxf6 25. Rxe1 Kf8 26. Ba3+ c5 27. Bc1 Kg7 28. Bf4 Rd7 29. Re8 Rb7 30. Bd6 Rd7 31. Bf8+ Kg6 32. Rb8 Bc7 33. Rb7 Bh2+ 34. Kxh2 Rxb7 35. Bxc5 Rd7 36. Kg3 Kf5 37. Kf3 Ke5 38. Bb6 Rd5 39. Bc7+ Ke6 40. Bb6 Kd7 41. g4 Kc6 42. Ba7 Kb7 43. Ke4 Re5+ 44. Kxd4 Kxa7 45. c4 Kb6 0-1

[Event "Sparkassen-Open A"]
[Site "Heusenstamm, Martinsee"]
[Date "2024.11.23"]
[Round "5.91"]
[White "Kuckel, Michael"]
[Black "Mukazhanov, Mansur"]
[Result "0-1"]
[WhiteElo "1738"]
[BlackElo "1862"]
[PlyCount "46"]
[EventDate "2024.11.21"]
[WhiteTeam "SC Matt im Park Ffm"]
[BlackTeam "SC Rochade Saarlouis 1993 e.V."]

1. d4 Nf6 2. Nf3 g6 3. Bf4 Bg7 4. e3 O-O 5. Be2 d6 6. c3 Re8 7. Nbd2 Nh5 8. O-O e5 9. dxe5 dxe5 10. Bg5 f6 11. Bh4 g5 12. Bg3 g4 13. Nh4 f5 14. f3 f4 15. exf4 exf4 16. Bf2 g3 17. Bd4 Qxh4 18. Bc4+ Kh8 19. Bxg7+ Nxg7 20. h3 Bxh3 21. gxh3 Qxh3 22. Rf2 gxf2+ 23. Kxf2 Nf5 0-1

[Event "Sparkassen-Open A"]
[Site "Heusenstamm, Martinsee"]
[Date "2024.11.23"]
[Round "5.92"]
[White "Riedel, Thomas"]
[Black "Henrich, Thomas"]
[Result "0-1"]
[WhiteElo "1842"]
[BlackElo "2085"]
[PlyCount "58"]
[EventDate "2024.11.21"]
[WhiteTeam "SC Einrich e.V."]
[BlackTeam "SK Marburg 1931/72"]

1. e4 c5 2. Nc3 Nc6 3. Bb5 Nd4 4. Bc4 e6 5. Nf3 Nf6 6. O-O a6 7. d3 b5 8. Bb3 Nxb3 9. axb3 Bb7 10. Bg5 Be7 11. Qd2 h6 12. Bf4 g5 13. Be3 d5 14. exd5 Nxd5 15. Ne2 Rc8 16. c4 Nb4 17. Ne1 f5 18. f4 Rg8 19. cxb5 axb5 20. d4 Qd5 21. Ra7 cxd4 22. Qxd4 Bc5 23. Qxd5 Bxe3+ 24. Kh1 Bxd5 25. Rh7 gxf4 26. Nxf4 Bxf4 27. Rxf4 Rc1 28. Kg1 Rxe1+ 29. Kf2 Nd3# 0-1

[Event "Sparkassen-Open A"]
[Site "Heusenstamm, Martinsee"]
[Date "2024.11.23"]
[Round "5.93"]
[White "Kolker, Vladislav"]
[Black "Stümer, Paul"]
[Result "1-0"]
[WhiteElo "1839"]
[BlackElo "2078"]
[PlyCount "61"]
[EventDate "2024.11.21"]
[WhiteTeam "SC Bad Nauheim"]
[BlackTeam "SV Bergneustadt/Dersch"]

1. e4 c5 2. Nf3 Nc6 3. b4 cxb4 4. a3 e6 5. axb4 Bxb4 6. c3 Be7 7. d4 d5 8. e5 h5 9. Bd3 Nh6 10. Na3 Nf5 11. Nc2 g5 12. h4 g4 13. Ng5 Nxh4 14. Rxh4 Bxg5 15. Bxg5 Qxg5 16. g3 Bd7 17. Rb1 b6 18. Ba6 Na5 19. Ne3 Rh6 20. Ke2 Kf8 21. Qd2 Kg7 22. Rbh1 Rah8 23. Bd3 Bc6 24. Nf5+ Qxf5 25. Bxf5 exf5 26. Qg5+ Rg6 27. Qxf5 Bb5+ 28. Kd2 Nc4+ 29. Kc1 a5 30. Rxh5 Rxh5 31. Rxh5 1-0

[Event "Sparkassen-Open A"]
[Site "Heusenstamm, Martinsee"]
[Date "2024.11.23"]
[Round "5.94"]
[White "Stein, Tobias"]
[Black "Rotermund, Verena"]
[Result "1/2-1/2"]
[WhiteElo "2034"]
[BlackElo "1818"]
[PlyCount "62"]
[EventDate "2024.11.21"]
[WhiteTeam "SV Alsfeld"]
[BlackTeam "Vorw.Orient Mainz"]

1. e4 e6 2. d4 d5 3. e5 c5 4. c3 Nc6 5. Nf3 Bd7 6. a3 a5 7. Be3 a4 8. dxc5 Qa5 9. Bd3 Bxc5 10. Bxc5 Qxc5 11. Nbd2 Nge7 12. Qe2 h6 13. O-O O-O 14. c4 Qb6 15. Rab1 Rad8 16. b4 axb3 17. Rxb3 Qc5 18. Rxb7 Qxa3 19. Qe3 Qa8 20. Rfb1 Bc8 21. R7b2 dxc4 22. Nxc4 Ba6 23. Ra2 Rd5 24. Rb6 Bxc4 25. Rxa8 Rxa8 26. Bxc4 Ra1+ 27. Bf1 Rdd1 28. Nd2 Nd5 29. Qb3 Nf4 30. g3 Nd4 31. Qxd1 Rxd1 1/2-1/2

[Event "Sparkassen-Open A"]
[Site "Heusenstamm, Martinsee"]
[Date "2024.11.23"]
[Round "5.95"]
[White "Schellen, Sven"]
[Black "Kürschner, Matthias"]
[Result "1/2-1/2"]
[WhiteElo "1836"]
[BlackElo "1984"]
[PlyCount "109"]
[EventDate "2024.11.21"]
[WhiteTeam "SV Frankfurt Nord 1926"]
[BlackTeam "SK Langen"]

1. e4 Nc6 2. Nf3 d5 3. exd5 Qxd5 4. Nc3 Qa5 5. Bc4 Bg4 6. d3 Nd4 7. Bd5 c6 8. h3 Nxf3+ 9. Bxf3 Bxf3 10. Qxf3 Nf6 11. Bd2 Qe5+ 12. Qe3 Qxe3+ 13. Bxe3 e6 14. Ke2 Be7 15. Rab1 a6 16. Bd4 O-O 17. Bxf6 Bxf6 18. Ne4 Be7 19. Rhe1 Rad8 20. a4 Rfe8 21. Nd2 h5 22. b4 Rd5 23. c4 Re5+ 24. Kd1 Rxe1+ 25. Kxe1 b5 26. c5 f5 27. axb5 axb5 28. Ra1 Bf6 29. Ra3 Bb2 30. Ra6 Rc8 31. Nb1 Kf7 32. Kd2 Bd4 33. f3 Kf6 34. Kc2 Kg5 35. Nd2 Kh4 36. Nb3 Be5 37. d4 Bf4 38. Ra7 g5 39. Kd3 Kg3 40. Ra2 Bc7 41. Re2 Re8 42. d5 cxd5 43. Nd4 e5 44. Nxf5+ Kf4 45. Ng7 e4+ 46. fxe4 dxe4+ 47. Kc2 Re7 48. Nxh5+ Ke5 49. Ng3 Kf4 50. Nf1 e3 51. Kd3 Rd7+ 52. Kc3 Be5+ 53. Kc2 Bd4 54. Nh2 Ke4 55. Nf3 1/2-1/2

[Event "Sparkassen-Open A"]
[Site "Heusenstamm, Martinsee"]
[Date "2024.11.23"]
[Round "5.96"]
[White "Mohr, Alwin"]
[Black "Kalepky, Helmut"]
[Result "1-0"]
[WhiteElo "1818"]
[BlackElo "1951"]
[PlyCount "51"]
[EventDate "2024.11.21"]
[WhiteTeam "SV Oberursel"]
[BlackTeam "Sfr.Heidesheim"]

1. e4 e5 2. Nf3 Nc6 3. d4 exd4 4. Nxd4 Bc5 5. Nb3 Bb6 6. Nc3 a6 7. Qe2 Nge7 8. Be3 Bxe3 9. Qxe3 d6 10. O-O-O Be6 11. Be2 f6 12. Kb1 Qc8 13. Nd5 h5 14. c4 b6 15. Qg3 Kf8 16. f4 a5 17. Rhf1 Ra7 18. Qc3 Kf7 19. Nxe7 Kxe7 20. Nd4 Nxd4 21. Qxd4 Qe8 22. Ka1 Ra8 23. e5 dxe5 24. fxe5 f5 25. Qf4 Qf8 26. Qg5+ 1-0

[Event "Sparkassen-Open A"]
[Site "Heusenstamm, Martinsee"]
[Date "2024.11.23"]
[Round "5.97"]
[White "Fernandez Egea, Andres"]
[Black "Schellenberger, Dirk"]
[Result "0-1"]
[WhiteElo "1828"]
[BlackElo "1932"]
[PlyCount "140"]
[EventDate "2024.11.21"]
[WhiteTeam "SF Frankfurt 1921"]
[BlackTeam "Schachclub Aschaffenburg e.V."]

1. e4 Nf6 2. e5 Nd5 3. c3 d6 4. Nf3 Nc6 5. d4 Bg4 6. Bc4 dxe5 7. dxe5 e6 8. Nbd2 Nxe5 9. Bxd5 Qxd5 10. O-O Nxf3+ 11. Nxf3 Bxf3 12. Qxf3 Qxf3 13. gxf3 Bd6 14. Be3 O-O-O 15. a4 a6 16. a5 Rd7 17. b4 Be5 18. Rac1 Rd3 19. c4 Rhd8 20. b5 Rb3 21. Rb1 Rdd3 22. bxa6 bxa6 23. f4 Bf6 24. Kg2 Ra3 25. Ba7 Rab3 26. Rfd1 Kb7 27. Bd4 Bxd4 28. Rxb3+ Rxb3 29. Rxd4 Kc8 30. Re4 Kd7 31. Rd4+ Ke8 32. f5 exf5 33. Rd5 g6 34. Re5+ Kd7 35. Rd5+ Kc8 36. Re5 Rd3 37. Re7 Rd7 38. Re3 Kd8 39. Rb3 Rd6 40. Rb8+ Ke7 41. Rh8 Rc6 42. Kf3 Kd6 43. Ke3 Kc5 44. Kd3 Kb4 45. Rb8+ Kxa5 46. Kd4 Rb6 47. Rc8 Rb7 48. Kc5 f4 49. Kc6 Rb2 50. c5 Rxf2 51. Rxc7 Rxh2 52. Rxf7 g5 53. Rf5 h6 54. Kb7 Rb2+ 55. Kc6 Ka4 56. Kd6 Rd2+ 57. Kc7 Kb4 58. c6 Rc2 59. Kb6 Rc3 60. Rf6 a5 61. Rf5 Rxc6+ 62. Kxc6 a4 63. Rb5+ Kc4 64. Ra5 Kb4 65. Rb5+ Kc3 66. Ra5 f3 67. Rxa4 Kd3 68. Kd5 f2 69. Ra3+ Ke2 70. Ra2+ Kf3 0-1

[Event "Sparkassen-Open A"]
[Site "Heusenstamm, Martinsee"]
[Date "2024.11.23"]
[Round "5.98"]
[White "Maerz, Maximilian"]
[Black "Schneider, Till"]
[Result "0-1"]
[WhiteElo "1914"]
[BlackElo "1729"]
[PlyCount "50"]
[EventDate "2024.11.21"]
[WhiteTeam "SC Heimbach-Weis/Neuwied e.V."]
[BlackTeam "SC Brett vorm Kopp Ffm"]

1. d4 e6 2. c4 f5 3. Nc3 Bb4 4. Qc2 Nf6 5. Bd2 Bxc3 6. Bxc3 Ne4 7. g3 b6 8. Bg2 Bb7 9. d5 O-O 10. Bxe4 fxe4 11. Qxe4 Na6 12. Nf3 exd5 13. cxd5 Nc5 14. Qe5 Nd3+ 15. exd3 Re8 16. O-O Rxe5 17. Nxe5 Bxd5 18. f4 d6 19. Ng4 Qd7 20. f5 Bb7 21. f6 Qc6 22. Kf2 Re8 23. Nh6+ gxh6 24. f7+ Kxf7 25. Kg1+ Kg8 0-1

[Event "Sparkassen-Open A"]
[Site "Heusenstamm, Martinsee"]
[Date "2024.11.23"]
[Round "5.99"]
[White "Wilke, Jörg"]
[Black "Porstendörfer, Yannik"]
[Result "1-0"]
[WhiteElo "1913"]
[BlackElo "1769"]
[PlyCount "119"]
[EventDate "2024.11.21"]
[WhiteTeam "SC Matt im Park Ffm"]
[BlackTeam "SK 1982 Klingenberg e.V."]

1. d4 Nf6 2. c4 e5 3. d5 d6 4. Nc3 c6 5. e4 Be7 6. Be2 O-O 7. h4 cxd5 8. cxd5 a6 9. a4 Nbd7 10. Be3 Qa5 11. f3 Qb4 12. Qd2 Nc5 13. Nb1 a5 14. Qxb4 axb4 15. Bxc5 dxc5 16. b3 Bd7 17. Nd2 b5 18. Bd1 Ra7 19. Ne2 Rfa8 20. Kf2 bxa4 21. bxa4 Bxa4 22. Nc4 Nd7 23. Bxa4 Rxa4 24. Rxa4 Rxa4 25. g3 b3 26. Nb2 Ra2 27. Rb1 Nb6 28. Nc3 Ra5 29. Nd3 c4 30. Nxe5 Bc5+ 31. Ke2 Bd4 32. Nxc4 Ra2+ 33. Kd3 Bxc3 34. Rxb3 h6 35. Kxc3 Nd7 36. Kd4 Ra1 37. f4 Rd1+ 38. Rd3 Rg1 39. e5 Kf8 40. d6 g6 41. Kd5 Rc1 42. Ra3 Kg7 43. Ra7 Nf8 44. Ne3 Rc3 45. Ke4 Rb3 46. Rc7 Ne6 47. Rc4 g5 48. hxg5 hxg5 49. f5 Nf8 50. g4 Ra3 51. Rc7 Ra4+ 52. Kd5 Ra5+ 53. Rc5 Ra6 54. e6 Nh7 55. d7 Ra8 56. Rc8 fxe6+ 57. fxe6 Nf6+ 58. Kc6 Ra6+ 59. Kb7 Rd6 60. Nf5+ 1-0

[Event "Sparkassen-Open A"]
[Site "Heusenstamm, Martinsee"]
[Date "2024.11.23"]
[Round "5.100"]
[White "Faulstich, Kurt"]
[Black "Gundel, Julian"]
[Result "1-0"]
[WhiteElo "1819"]
[BlackElo "1912"]
[PlyCount "115"]
[EventDate "2024.11.21"]
[WhiteTeam "SAbt Niederräder TG"]
[BlackTeam "SV Königsspringer 1929 Großauhei"]

1. e4 g6 2. d4 Bg7 3. Bc4 c6 4. e5 d5 5. Bd3 c5 6. c3 Nc6 7. Ne2 f6 8. f4 Bg4 9. h3 Bxe2 10. Bxe2 cxd4 11. cxd4 Qb6 12. Nc3 O-O-O 13. Be3 fxe5 14. fxe5 Bxe5 15. O-O Bxd4 16. Bxd4 Qxd4+ 17. Kh1 Qxd1 18. Raxd1 d4 19. Ne4 Nh6 20. Rd3 Nf5 21. Bg4 Ne5 22. Rc1+ Kb8 23. Rb3 d3 24. Bf3 Nxf3 25. gxf3 Rd5 26. Rd1 Rhd8 27. Kg1 Ne3 28. Rd2 Nc4 29. Rd1 d2 30. Kf2 Rd3 31. Rxd3 Rxd3 32. Ke2 Re3+ 33. Kf2 Re1 34. Rxe1 dxe1=Q+ 35. Kxe1 Nxb2 36. Ng5 h5 37. Kd2 Nc4+ 38. Kd3 Nd6 39. Kd4 Kc7 40. Kd5 b5 41. Ne6+ Kb6 42. Nf4 a5 43. Nxg6 b4 44. Nxe7 Nf7 45. f4 Kb5 46. Nc6 a4 47. Nd4+ Ka5 48. Kc5 Nd8 49. f5 h4 50. f6 b3 51. axb3 a3 52. Nc2 a2 53. Kd5 Kb5 54. Kd6 Nf7+ 55. Ke7 Ng5 56. f7 Nxf7 57. Kxf7 Kc5 58. Kf6 1-0

[Event "Sparkassen-Open A"]
[Site "Heusenstamm, Martinsee"]
[Date "2024.11.23"]
[Round "5.101"]
[White "Feick, Claas Marten"]
[Black "Schumacher, Markus"]
[Result "1-0"]
[WhiteElo "1809"]
[BlackElo "1902"]
[PlyCount "95"]
[EventDate "2024.11.21"]
[WhiteTeam "SF Neuberg"]
[BlackTeam "Godesberger SK 1929 e. V"]

1. e4 e5 2. Nf3 Nf6 3. Nc3 d6 4. h3 Be7 5. d4 Nbd7 6. Bc4 O-O 7. O-O c6 8. Re1 b5 9. Bb3 a5 10. a3 Bb7 11. Bg5 Qc7 12. Bh4 h6 13. Qd2 Rfe8 14. g4 b4 15. axb4 axb4 16. Rxa8 Bxa8 17. Nd1 c5 18. d5 Nf8 19. Bxf6 Bxf6 20. h4 Ng6 21. h5 Nf4 22. Ne3 Bb7 23. Ba4 Rf8 24. Ng2 Nh3+ 25. Kh2 Bg5 26. Nxg5 Nxg5 27. Kg3 Ra8 28. b3 Bc8 29. f3 Qe7 30. Nh4 Qc7 31. Rf1 Bd7 32. Bxd7 Qxd7 33. Nf5 Re8 34. Ra1 f6 35. Ra6 Nf7 36. Qc1 Rd8 37. Qa1 Qb5 38. Ra7 Rd7 39. Ra5 Qe2 40. Ra8+ Kh7 41. Nh4 Ng5 42. Qc1 c4 43. bxc4 Qxe4 44. Ng6 Rd8 45. Rxd8 Nf7 46. Rd7 Ng5 47. Qxg5 Qxc4 48. Rxg7+ 1-0

[Event "Sparkassen-Open A"]
[Site "Heusenstamm, Martinsee"]
[Date "2024.11.23"]
[Round "5.102"]
[White "Fröhlich-Dill, Astrid"]
[Black "Lang, Nico"]
[Result "0-1"]
[WhiteElo "1794"]
[BlackElo "1896"]
[PlyCount "104"]
[EventDate "2024.11.21"]
[WhiteTeam "SV 1920 Hofheim"]
[BlackTeam "Schachverein Ahlen 1954 e. V."]

1. d4 d5 2. c4 e6 3. Nc3 f5 4. Bf4 Nf6 5. h3 Be7 6. e3 Ne4 7. Nf3 Nd7 8. Qb3 c6 9. Bd3 Ndf6 10. Ne5 O-O 11. f3 Nd6 12. O-O Nh5 13. Bh2 Bh4 14. Ne2 Qg5 15. f4 Qh6 16. g4 Nf6 17. g5 Bxg5 18. fxg5 Qxg5+ 19. Kh1 Nde4 20. Bxe4 Nxe4 21. Nf3 Qh6 22. cxd5 exd5 23. h4 b6 24. Bf4 Qh5 25. Nc3 Qg4 26. Nxe4 fxe4 27. Nh2 Qxh4 28. Qd1 h5 29. Qe1 Qe7 30. Rg1 Bf5 31. Qg3 g6 32. Bd6 Qg7 33. Bxf8 Rxf8 34. Qd6 Rf6 35. Qe5 Kh7 36. Raf1 Qf7 37. Rf2 Re6 38. Qg3 Qe7 39. Qf4 c5 40. dxc5 bxc5 41. Rg5 Rf6 42. Nf1 d4 43. exd4 cxd4 44. Qh4 e3 45. Rgxf5 gxf5 46. Re2 f4 47. Rc2 Qe4+ 48. Rg2 e2 49. Qe1 f3 50. Rf2 d3 51. Ng3 Qd5 52. Qd2 Re6 0-1